00609nam a22001697a 450000500170000000800410001704000070005804100120006508200260007710000540010324500590015726000720021630000280028865000490031665000200036570000540038520220616094205.0220616b ||||| |||| 00| 0 eng d cAL aEnglish 223a341.2909515bOFFL aOffice of Information and International Relations aLegal Status of Tibet:Three studies by leading Jurists aDharamsalabOffice of Information and International Relationsc1989 ax,121 p.bPBc21x14 cm. aLegal Opinion by Wilmer culter and pickering astatus of Tibet aOFFICE OF INFORMATION AND INTERNATIONAL RELATIONS